00476nam a2200193Ia 4500003000400000005001700004008004100021020002200062040000700084041000800091082002200099100001600121245006300137260003700200300001200237365001400249440000600263650001300269OSt20230429125251.0210423s2020 xx 000 0 und d a978-81-927643-4-4 cAL aeng a001.42 223bLAMH aLAMBA (J D) aHow to write research paper dessertation and GET PHD Vol 3 aJaipurbCorner Stone Pressc2020 a250bHB b2450cINR v3 aResearch